00473nam a2200193 a 4500001001300000003000900013005001700022008004100039020000800080082001300088100002800101245002300129260003200152300000800184500003500192505001000227650001400237700002800251nice12345678IN_TiNIC20260116011257.0050524s1962 bosa grp 000 0 eng  ac000a160bWHI aWhitehead, Alfred North aFunction of Reason aBostonbBeacon Press c1962 a90p aincludes index and biblioraphy2 aIndex aPhilology1 aWhitehead, Alfred North